[Event "Challenge"]
[Site "http://www.queenalice.com/game.php?id=600533"]
[Date "2009.6.8"]
[Round "-"]
[White "Bergman"]
[Black "bish"]
[Result "1-0"]
[WhiteElo "2657"]
[BlackElo "1625"]

1. b4 Nf6 2. Bb2 g6 3. Nf3 Bg7 4. g4 O-O 5. g5 Nd5 6. Qc1 f6 7. h4 Nxb4 8. h5 d6
9. hxg6 hxg6 10. Bg2 c6 11. Nh4 Bf5 12. e4 Bg4 13. Nxg6 Kf7 14. gxf6 Kxg6 15.
fxg7 Rg8 16. a3 N4a6 17. d4 Rxg7 18. Rh6+ Kf7 19. Qf4+ Kg8 20. d5 e5 21. dxe6
Qe7 22. Qxg4 Qg5 23. Qxg5 Rxg5 24. Rh8# 1-0

[Event "Let's Play Chess!"]
[Site "http://www.queenalice.com/game.php?id=612693"]
[Date "2009.7.3"]
[Round "-"]
[White "saavik"]
[Black "bish"]
[Result "0-1"]
[WhiteElo "1694"]
[BlackElo "1658"]

1. e4 e5 2. d4 exd4 3. Qxd4 Nc6 4. Bc4 Nxd4 5. Bd3 c5 6. c4 g6 7. e5 d6 8. Nf3
Nxf3+ 9. gxf3 dxe5 10. Bd2 Qxd3 11. Nc3 Qxf3 12. Rg1 Bg7 13. Ne2 Ne7 14. O-O-O
Qxe2 15. Rg5 Qxc4+ 16. Kb1 O-O 17. Rc1 Qd4 18. Bc3 Qe4+ 19. Ka1 Nd5 20. Re1 Qc2
21. Rgg1 Nxc3 22. Rc1 Qxf2 23. bxc3 Be6 24. c4 e4+ 25. Kb1 Qb2# 0-1

[Event "Challenge"]
[Site "http://www.queenalice.com/game.php?id=624914"]
[Date "2009.7.26"]
[Round "-"]
[White "rdaigle2003"]
[Black "bish"]
[Result "0-1"]
[WhiteElo "1669"]
[BlackElo "1743"]

1. e4 e5 2. Nf3 Nc6 3. Bb5 a6 4. Ba4 Nf6 5. Bxc6 bxc6 6. Nxe5 Qe7 7. Nf3 Qxe4+
8. Qe2 Qxe2+ 9. Kxe2 Be7 10. Re1 O-O 11. Kf1 Re8 12. b3 c5 13. Bb2 Bb7 14. Re3
d5 15. Be5 d4 16. Rd3 Be4 17. Bxf6 Bxd3+ 18. cxd3 Bxf6 19. Na3 Re6 20. Nc4 Rae8
21. g3 Bd8 22. h4 h5 23. Ng5 Bxg5 24. hxg5 f6 25. gxf6 Rxf6 26. Kg2 Re2 27. Rf1
g5 28. Kh3 Rexf2 29. Re1 Kf8 30. Ne5 Kg7 31. g4 h4 32. Rh1 Re2 33. Nd7 Rf3# 0-1

[Event "Challenge"]
[Site "http://www.queenalice.com/game.php?id=624915"]
[Date "2009.7.26"]
[Round "-"]
[White "bish"]
[Black "rdaigle2003"]
[Result "0-1"]
[WhiteElo "1756"]
[BlackElo "1649"]

1. d4 Nf6 2. c4 d5 3. Nc3 dxc4 4. e4 Nc6 5. e5 Nd5 6. Bxc4 Nxc3 7. bxc3 Na5 8.
Bd3 b6 9. Nf3 Bb7 10. O-O e6 11. Re1 Be7 12. Be4 Bxe4 13. Rxe4 Qd5 14. Qe2 Nc4
15. Nd2 Nxd2 16. Bxd2 O-O 17. c4 Qb7 18. Rg4 Rad8 19. Bc3 Qa6 20. a4 c6 21. a5
c5 22. axb6 Qb7 23. Rxa7 Qxb6 24. Rxe7 Qb1+ 25. Qf1 Qf5 26. Qd1 cxd4 27. Rxd4
Rxd4 28. Qxd4 Qb1+ 29. Qd1 Qxd1+ 30. Be1 Qxe1# 0-1

[Event "Challenge"]
[Site "http://www.queenalice.com/game.php?id=628571"]
[Date "2009.8.1"]
[Round "-"]
[White "gfxman"]
[Black "bish"]
[Result "1/2-1/2"]
[WhiteElo "1693"]
[BlackElo "1751"]

1. e4 e5 2. Nf3 Nc6 3. Nc3 Nf6 4. Bc4 Nxe4 5. Nxe4 d5 6. Bd3 dxe4 7. Bxe4 Bc5 8.
d3 Qd6 9. O-O Bg4 10. Be3 Bxe3 11. fxe3 O-O-O 12. Qd2 f6 13. Nh4 g6 14. a3 Rhf8
15. b4 f5 16. Bf3 Bxf3 17. Nxf3 h6 18. b5 Ne7 19. a4 e4 20. Nd4 f4 21. Ne2 exd3
22. cxd3 fxe3 23. Qxe3 Rxf1+ 24. Rxf1 Qxd3 25. Qxd3 Rxd3 26. Rf8+ Rd8 27. Rxd8+
Kxd8 28. Nd4 Kd7 29. g4 a5 30. h4 g5 31. hxg5 hxg5 32. Kf2 c5 33. Nf3 c4 34. Ke2
Nd5 35. Nxg5 Kd6 36. Kd2 Kc5 37. Ne6+ Kb4 38. Nd4 Kxa4 39. g5 Kb4 40. g6 a4 41.
g7 Ne7 42. Nf5 Ng8 43. b6 Kb3 44. Nd6 c3+ 45. Kc1 a3 46. Nxb7 c2 47. Nc5+ Kc3
48. Ne4+ Kd3 49. Nc5+ Kc3 50. Na4+ Kd3 51. Nc5+ Kc3 52. Ne4+ Kd3 53. Nc5+
1/2-1/2

[Event "Challenge"]
[Site "http://www.queenalice.com/game.php?id=636451"]
[Date "2009.8.14"]
[Round "-"]
[White "Meirebel"]
[Black "bish"]
[Result "0-1"]
[WhiteElo "1924"]
[BlackElo "1675"]

1. d4 d5 2. c4 e6 3. Nc3 Nf6 4. Bg5 Be7 5. Nf3 h6 6. Bf4 Nc6 7. cxd5 Nxd5 8.
Nxd5 exd5 9. Rc1 O-O 10. Qa4 Bb4+ 11. Bd2 Bxd2+ 12. Nxd2 Bd7 13. Qb3 Be6 14.
Qxb7 Nxd4 15. Qxc7 Rc8 16. Qc3 Rxc3 17. bxc3 Nb5 18. e3 Nd6 19. Bd3 Qg5 20. g3
Bh3 21. Nf3 Qf6 22. Be2 Rc8 23. Nd4 Ne4 24. f3 Rxc3 25. Rxc3 Nxc3 26. Kd2 Nxe2
27. Nxe2 Qxf3 28. Re1 Bf5 29. Nd4 Qe4 30. Kc1 Qb1+ 31. Kd2 Qxa2+ 32. Kd1 a5 33.
Kc1 Bd3 34. h4 a4 35. g4 a3 36. g5 Qb2+ 37. Kd1 a2 0-1

[Event "Challenge"]
[Site "http://www.queenalice.com/game.php?id=636452"]
[Date "2009.8.14"]
[Round "-"]
[White "bish"]
[Black "Meirebel"]
[Result "1-0"]
[WhiteElo "1701"]
[BlackElo "1900"]

1. g3 d5 2. Bg2 e5 3. d3 Nf6 4. Nf3 Nc6 5. O-O Bd6 6. b3 O-O 7. Bb2 e4 8. dxe4
dxe4 9. Nd4 Nxd4 10. Bxd4 c5 11. Bxf6 Qxf6 12. Na3 Rd8 13. Qe1 Bf5 14. Nc4 Bc7
15. Ne3 Be5 16. Rd1 Bc3 17. Rxd8+ Rxd8 18. Qb1 Bg6 19. Nd1 Ba5 20. Nb2 Rd2 21.
Nc4 Qc3 22. Nxd2 Qxd2 23. e3 h5 24. h4 b5 25. c4 b4 26. Bxe4 Bxe4 27. Qxe4 Qxa2
28. Qe8+ Kh7 29. Qxf7 Qxb3 30. Qxa7 Bd8 31. Qxc5 g6 32. Ra1 Bf6 33. Ra7+ Bg7 34.
Qc7 Qc3 35. Qa5 Qc1+ 36. Kg2 b3 37. Qe5 1-0

[Event "Challenge"]
[Site "http://www.queenalice.com/game.php?id=644256"]
[Date "2009.8.29"]
[Round "-"]
[White "Svolo"]
[Black "bish"]
[Result "1/2-1/2"]
[WhiteElo "1752"]
[BlackElo "1743"]

1. e4 e5 2. Nf3 Nc6 3. Bc4 Bc5 4. O-O Nf6 5. d3 d6 6. Ng5 O-O 7. c3 d5 8. exd5
Nxd5 9. Qf3 Be6 10. Ne4 Be7 11. b4 Nf4 12. Bxf4 Bxc4 13. dxc4 exf4 14. Rd1 Ne5
15. Qe2 Qc8 16. Nbd2 b6 17. Nf3 Qg4 18. h3 Nxf3+ 19. Qxf3 Qxf3 20. gxf3 c5 21.
Rd7 cxb4 22. Rxe7 bxc3 23. Nxc3 h5 24. Nd5 h4 25. Nxf4 a5 26. Rb7 g5 27. Nd5
Rab8 28. Rxb6 Rxb6 29. Nxb6 Rd8 1/2-1/2

[Event "Challenge"]
[Site "http://www.queenalice.com/game.php?id=657185"]
[Date "2009.9.24"]
[Round "-"]
[White "bish"]
[Black "Svolo"]
[Result "1/2-1/2"]
[WhiteElo "1717"]
[BlackElo "1803"]

1. g3 e5 2. Bg2 c6 3. e4 Qf6 4. Nf3 c5 5. c4 Bd6 6. Nc3 Ne7 7. O-O Nbc6 8. Nd5
Nxd5 9. cxd5 Nb4 10. d3 h6 11. a3 Na6 12. b3 O-O 13. Re1 b5 14. Nd2 Nc7 15. a4
b4 16. Nc4 Be7 17. a5 Bb7 18. Bb2 Nb5 19. Bxe5 Qg6 20. f4 f5 21. Qc2 Nd4 22. Qb2
Bf6 23. Bxf6 Qxf6 24. e5 Qg6 25. d6 Bxg2 26. Kxg2 Ne6 27. Kh1 Qg4 28. Rf1 Nd4
29. Kg2 h5 30. h4 Ne6 31. Ne3 Qg6 32. a6 Nd4 33. Ra5 Rac8 34. Rc1 Ne6 35. Nd5
Kh7 36. Qf2 Qf7 37. Kh3 Qg6 38. Ne3 Qe8 39. Nc2 Qd8 40. Ra2 Rc6 41. Rca1 Rg8 42.
d4 Nxd4 43. Nxd4 cxd4 44. Qxd4 Rb6 45. Rc1 Qa8 46. Kh2 Rc8 47. Rc4 Rxc4 48. Qxc4
Rc6 49. Qxb4 Rc1 50. Rg2 Rc8 51. Qb7 Qxb7 52. axb7 Rb8 53. Re2 Rxb7 54. e6 dxe6
55. Rxe6 Rxb3 56. d7 Rd3 57. Re7 a5 58. Re5 g6 59. Rxa5 Rxd7 60. Re5 1/2-1/2

[Event "Challenge"]
[Site "http://www.queenalice.com/game.php?id=694475"]
[Date "2009.12.7"]
[Round "-"]
[White "zemaria"]
[Black "bish"]
[Result "1-0"]
[WhiteElo "1729"]
[BlackElo "1749"]

1. e4 e5 2. Nf3 Nc6 3. d4 exd4 4. Nxd4 Bc5 5. Be3 Nf6 6. Nc3 O-O 7. Nxc6 bxc6 8.
Bxc5 Re8 9. Bd3 d5 10. Be3 d4 11. Bg5 dxc3 12. bxc3 h6 13. Be3 Ng4 14. Bd4 1-0

[Event "Challenge"]
[Site "http://www.queenalice.com/game.php?id=694476"]
[Date "2009.12.7"]
[Round "-"]
[White "bish"]
[Black "zemaria"]
[Result "0-1"]
[WhiteElo "1732"]
[BlackElo "1746"]

1. d4 e6 2. c4 b6 3. Nc3 c6 4. e4 f6 5. Nf3 Bb4 6. a3 Bxc3+ 7. bxc3 Ne7 8. c5 b5
9. a4 a6 10. a5 d6 11. Ba3 d5 12. exd5 Nxd5 13. Qc1 Nd7 0-1

[Event "Challenge"]
[Site "http://www.queenalice.com/game.php?id=724102"]
[Date "2010.2.1"]
[Round "-"]
[White "bish"]
[Black "LukeKovacs"]
[Result "1-0"]
[WhiteElo "1720"]
[BlackElo "1409"]

1. e4 b6 2. d4 Bb7 3. Nc3 Nc6 4. d5 Nb4 5. a3 Na6 6. b4 c6 7. Bc4 b5 8. Bb3 e5
9. d6 Qf6 10. Nf3 Nh6 11. Bxh6 Qxh6 12. Nxe5 Qg5 13. Bxf7+ Kd8 14. Ng4 Qf4 15.
Bb3 Bxd6 16. g3 Qf8 17. e5 Qe8 18. Qe2 Bc7 19. O-O c5 20. Nxb5 Bb8 21. Rfd1 Rf8
22. Nd6 Bxd6 23. Rxd6 Bf3 24. Qe3 cxb4 25. e6 Nb8 26. e7+ Kc8 27. exf8=Q Qxf8
28. Rd4 Nc6 29. Rf4 1-0

[Event "Challenge"]
[Site "http://www.queenalice.com/game.php?id=736184"]
[Date "2010.2.22"]
[Round "-"]
[White "Xmen"]
[Black "bish"]
[Result "1-0"]
[WhiteElo "1540"]
[BlackElo "1742"]

1. e4 e5 2. c3 Nf6 3. Nf3 Nc6 4. d4 Nxe4 5. Nxe5 Nxe5 6. dxe5 Bc5 7. Be3 Bxe3 8.
fxe3 d5 9. c4 c5 10. Qxd5 Qxd5 11. cxd5 O-O 12. Nc3 Nxc3 13. bxc3 Re8 14. Bd3
Rxe5 15. e4 b6 16. O-O Bb7 17. Rf4 g5 18. Rg4 Bc8 19. Rg3 f6 20. Rf1 Kg7 21. h4
h5 22. hxg5 fxg5 23. Re1 h4 24. Rf3 g4 25. Rf2 Bd7 26. Ref1 Be8 27. Rf4 Bh5 28.
Rf5 Rxf5 29. exf5 Kf6 30. Bb5 Rd8 31. Bc6 Bf7 32. Rd1 Kxf5 33. Rf1+ Kg6 34. Rd1
g3 35. c4 Be8 36. Bxe8+ Rxe8 37. Kf1 Re4 38. d6 Re8 39. Re1 Rd8 40. Re6+ Kf5 41.
Rh6 Ke5 42. Rxh4 Rxd6 43. Ke2 Rd4 44. Rh5+ Kf4 45. Rh4+ Kg5 46. Rh7 Rxc4 47.
Rxa7 Rc2+ 48. Kf3 Kh4 49. Rh7+ Kg5 50. Kxg3 Rxa2 51. Rb7 Ra3+ 52. Kf2 Rb3 53.
Rc7 Kg4 54. Rg7+ Kf4 55. g4 c4 56. g5 c3 57. g6 c2 58. Rc7 Rg3 59. Rc4+ Kg5 60.
Kxg3 Kxg6 61. Rxc2 Kf6 62. Rc6+ Ke5 63. Rxb6 Kd5 64. Kf4 Kc5 65. Rh6 Kd5 66.
Rh5+ Kd4 67. Re5 Kc4 68. Ke4 Kc3 69. Rd5 Kc4 70. Rd4+ Kc5 71. Kd3 Kc6 72. Kc4
1-0

[Event "Challenge"]
[Site "http://www.queenalice.com/game.php?id=737435"]
[Date "2010.2.25"]
[Round "-"]
[White "bish"]
[Black "Xmen"]
[Result "1-0"]
[WhiteElo "1735"]
[BlackElo "1507"]

1. d4 c6 2. e4 d5 3. Nc3 f6 4. Be2 e5 5. Nf3 Qd6 6. dxe5 fxe5 7. exd5 cxd5 8.
Qxd5 Be6 9. Qxb7 Qc6 10. Qxc6+ Nxc6 11. O-O Bc5 12. Ne4 Nd4 13. Nxd4 Bxd4 14. c3
Bb6 15. Rd1 Nf6 16. Bb5+ Kf7 17. Ng5+ Ke7 18. Nxe6 Kxe6 19. Bc4+ Ke7 20. Be3
Bxe3 21. fxe3 Rab8 22. b4 Rhd8 23. Rxd8 Rxd8 24. a4 Ne4 25. Rc1 Rd2 26. Kf1 h5
27. Be2 Ra2 28. a5 Ra3 29. c4 h4 30. c5 Rb3 31. c6 Rxb4 32. c7 Nd6 33. Bg4 Nc4
34. c8=Q Nxe3+ 35. Ke2 Rxg4 36. Rc7+ Kf6 37. Rc6+ Kg5 38. Qd8+ Kf4 39. Qf8+ Nf5
40. Qb4+ Nd4+ 41. Kf2 Ke4 42. Qe1+ Kf5 43. Rc7 Rf4+ 44. Kg1 Ke6 45. Rxg7 Kd5 46.
Rxa7 h3 47. Qa1 hxg2 48. Kxg2 Ke4 49. Qa3 Rh4 50. Rb7 Kf4 51. Qg3+ 1-0

[Event "Challenge"]
[Site "http://www.queenalice.com/game.php?id=743591"]
[Date "2010.3.9"]
[Round "-"]
[White "bish"]
[Black "davidg"]
[Result "0-1"]
[WhiteElo "1716"]
[BlackElo "2116"]

1. d4 d5 2. Nf3 c5 3. b3 e6 4. c4 h6 5. cxd5 exd5 6. e3 Nf6 7. Nc3 a6 8. g3 Be7
9. Bg2 Bf5 10. O-O O-O 11. Ne5 Bd6 12. Nxd5 Ra7 13. Nxf6+ Qxf6 14. f4 b6 15. a4
Bc8 16. Nc4 Bc7 17. Bb2 Qe7 18. d5 Bd8 19. f5 Qg5 20. Qd2 Nd7 21. Nd6 Bc7 22.
Nxc8 Rxc8 23. d6 Bd8 24. Qe1 Bf6 25. h4 Qg4 26. Rf4 Qxf4 27. gxf4 Bxb2 28. Rb1
Bf6 29. Bd5 Re8 30. e4 Bd4+ 31. Kg2 Nf6 32. Bc6 Rc8 33. e5 Rxc6 34. exf6 Bxf6
35. Rd1 Rc8 36. d7 Rf8 37. h5 Bd4 38. Qe7 Raa8 39. b4 Rad8 0-1

[Event "Challenge"]
[Site "http://www.queenalice.com/game.php?id=743593"]
[Date "2010.3.9"]
[Round "-"]
[White "davidg"]
[Black "bish"]
[Result "1-0"]
[WhiteElo "2115"]
[BlackElo "1718"]

1. d4 Nf6 2. c4 g6 3. Nc3 Bg7 4. e4 d6 5. f3 O-O 6. Bd3 e5 7. d5 c6 8. Nge2 Nbd7
9. O-O cxd5 10. cxd5 a6 11. Be3 b5 12. b4 Nb6 13. Qb3 Nc4 14. Bxc4 bxc4 15. Qxc4
a5 16. b5 Nd7 17. Na4 Bb7 18. Rfc1 Rc8 19. Qd3 Rxc1+ 20. Rxc1 f5 21. b6 f4 22.
Bf2 Qa8 23. Qa3 Rf6 24. Bh4 Rf7 25. Bf2 Ba6 26. Nec3 Qb8 27. Nb1 Bf8 28. Qc3 Be7
29. Qxa5 Qb7 30. Rc7 Qa8 31. Rxd7 Qc8 32. Rc7 Qd8 33. Qxa6 Rf8 34. Qa7 Kf7 35.
Bh4 Re8 36. Rxe7+ Rxe7 37. Qxe7+ Qxe7 38. Bxe7 Kxe7 39. b7 Kd7 40. b8=Q h5 41.
Nb6+ 1-0